| 000 | 00755nam a22002177a 4500 | ||
|---|---|---|---|
| 999 |
_c2555 _d2555 |
||
| 003 | AR-CdUCM | ||
| 008 | 190304b ||||| |||| 00| 0 spa d | ||
| 040 |
_aMUNICIPALIDAD PROVINCIAL DEL CUSCO _cBIBLIOTECA MUNICIPAL DEL CUSCO |
||
| 082 |
_23ed. _a338.9 / _bM19 |
||
| 100 |
_aMalpica S. S. Carlos _99039 |
||
| 245 | _aEl mito de la ayuda exterior / | ||
| 260 |
_aLima : _bEnsayos sociales, _c1967. |
||
| 300 |
_a251 paginas ; _c22 cm. |
||
| 505 | _aSiglo XIX: derroche e imprevisión -- La ayuda exterior en el siglo XX -- Ayuda exterior o penetración imperialista ... | ||
| 650 |
_aAsistencia económica internacional _99040 |
||
| 650 |
_aInversiones _94219 |
||
| 650 |
_aPerú _935 |
||
| 650 |
_aHistoria _9136 |
||
| 942 |
_2ddc _cLIBROS |
||
| 945 | _aacv | ||